header

Implementing public policy : (Record no. 120)

MARC details
000 -LEADER
fixed length control field 01313cam a2200397 a 4500
001 - CONTROL NUMBER
control field 15222723
003 - CONTROL NUMBER IDENTIFIER
control field OSt
005 - DATE AND TIME OF LATEST TRANSACTION
control field 20150917131838.0
008 - FIXED-LENGTH DATA ELEMENTS--GENERAL INFORMATION
fixed length control field 080318s2009 caua b 001 0 eng
010 ## - LIBRARY OF CONGRESS CONTROL NUMBER
LC control number 2008925136
015 ## - NATIONAL BIBLIOGRAPHY NUMBER
National bibliography number GBA888943
Source bnb
National bibliography number GBA888942
Source bnb
016 7# - NATIONAL BIBLIOGRAPHIC AGENCY CONTROL NUMBER
Record control number 014669287
Source Uk
Record control number 014669286
Source Uk
020 ## - INTERNATIONAL STANDARD BOOK NUMBER
International Standard Book Number 9781412947985 (hbk.)
International Standard Book Number 9781412947992 (pbk.)
035 ## - SYSTEM CONTROL NUMBER
System control number (OCoLC)ocn228363247
040 ## - CATALOGING SOURCE
Original cataloging agency UKM
Transcribing agency UKM
Modifying agency BTCTA
-- BAKER
-- YDXCP
-- BWKUK
-- BWK
-- NLGGC
-- DLC
042 ## - AUTHENTICATION CODE
Authentication code lccopycat
050 00 - LIBRARY OF CONGRESS CALL NUMBER
Classification number H97
Item number .H56 2009
082 04 - DEWEY DECIMAL CLASSIFICATION NUMBER
Classification number 352.37
Edition number 22
084 ## - OTHER CLASSIFICATION NUMBER
Classification number 88.63
Source of number bcl
100 1# - MAIN ENTRY--PERSONAL NAME
Personal name Hill, Michael J.
Fuller form of name (Michael James),
Dates associated with a name 1937-
245 10 - TITLE STATEMENT
Title Implementing public policy :
Remainder of title an introduction to the study of operational governance /
Statement of responsibility, etc Michael Hill and Peter Hupe.
250 ## - EDITION STATEMENT
Edition statement 2nd ed.
260 ## - PUBLICATION, DISTRIBUTION, ETC. (IMPRINT)
Place of publication, distribution, etc Los Angeles :
Name of publisher, distributor, etc SAGE,
Date of publication, distribution, etc c2009.
300 ## - PHYSICAL DESCRIPTION
Extent xii, 232 p. :
Other physical details ill. ;
Dimensions 25 cm.
500 ## - GENERAL NOTE
General note Previous ed.: 2002.
504 ## - BIBLIOGRAPHY, ETC. NOTE
Bibliography, etc Includes bibliographical references (p. [206]-226) and indexes.
650 #0 - SUBJECT ADDED ENTRY--TOPICAL TERM
Topical term or geographic name as entry element Policy sciences.
Topical term or geographic name as entry element Public administration.
700 1# - ADDED ENTRY--PERSONAL NAME
Personal name Hupe, Peter L.
906 ## - LOCAL DATA ELEMENT F, LDF (RLIN)
a 7
b cbc
c copycat
d 2
e ncip
f 20
g y-gencatlg
942 ## - ADDED ENTRY ELEMENTS (KOHA)
Source of classification or shelving scheme Library of Congress Classification
Koha item type Long Loan Books
Holdings
Withdrawn status Lost status Source of classification or shelving scheme Damaged status Not for loan Collection code Home library Current library Shelving location Date acquired Total Checkouts Full call number Barcode Date last seen Date checked out Price effective from Koha item type
    Library of Congress Classification     Non-fiction Rongo University Library Rongo University Library General Stacks 17/09/2015 3 H97 .H56 2009 20091575 02/03/2020 18/02/2020 17/09/2015 Long Loan Books

© 2026 Rongo University
Contact us: librarian | system librarian | Rongo university